000 00710nam a22002417a 4500
005 20170124110054.0
010 _a999244
020 _c00.00
_a0723602662
035 _a999244
037 _bCen Lib/Ret
040 _aDPL
_bEN
082 _a610.73
_bHAL
100 _aHallas, Charles H.
_926121
245 _aThe care and training of the mentally subnormal /
_cby Charles H. Hallas
250 _a4th ed
260 _aBristol
_bJohn Wright and sons
_c1970
270 _bBristol
300 _aviii, 286p.
_c21cm(Hb)
500 _aIncludes index
650 _aPeople with mental disabilities -- Care
_926122
650 _aPsychiatric nursing
_926123
942 _2ddc
_cEN
_h610.73
_mHAL
999 _c129355
_d129355